000 00571nam a22002057a 4500
003 OSt
008 260502b |||||||| |||| 00| 0 eng d
082 _a634.44
_bR18R
100 _aRanjit Kumar
245 _aResponse of Some Chemical Spray in Mango (Mangifera indica L.) CV. Amrapali /
_cby Ranjit Kumar
260 _a.- Sabour, Bhagalpur
_b: Bihar Agricultural College, RAU
_c, 2002
300 _a81p.
502 _bPh. D.
_d2002
650 _aHorticulture
650 _aMangoes
650 _aAmrapali
650 _aThesis
650 _aPh. D.
942 _2ddc
_cT
999 _c50367
_d50367